000 00664nam a2200277Ia 4500
005 20260324111810.0
008 008 260324s9999 xx 000 0 eng d
020 _a9781003649472
037 _aEBOOK
040 _aCRL
040 _beng
040 _cCRL
041 _2eng
041 _aeng
084 _qCRL
100 _aNikhil Ranjan Jana
_91140066
245 3 _aAn Overall Account of Surface Enhanced Raman Spectroscopy
260 _bTaylor and Francis
260 _c2025
365 _a
365 _b115
856 _uhttp://www.taylorfrancis.com/books/9781003649472
942 _cEBOOK
999 _c1728994
_d1728994